[Event "Lviv Tradition January 2019"]
[Site "Lviv"]
[Date "2019.01.27"]
[Round "1"]
[White "Boricsev, Oleg"]
[Black "Sevostianov, Pavel"]
[Result "1/2-1/2"]
[WhiteElo "2297"]
[BlackElo "2258"]
[Annotator "TA"]
[PlyCount "64"]
[EventDate "2019.01.27"]
[EventType "schev"]
[EventCountry "UKR"]
[SourceTitle "playchess.com"]
[Source "ChessBase"]
[SourceQuality "1"]

{[%evp 27,64,16,14,19,32,21,31,35,51,39,33,0,0,0,0,0,0,0,0,0,0,0,0,0,0,0,0,0,0,0,0,0,0,0,0,0,0,0,0]} 1. e4 c5 2. Nf3 d6 3. d4 cxd4 4. Nxd4 Nf6 5. Nc3 a6 6. Bg5 e6 7. f4 Qb6 8. Nb3 Nbd7 9. Qf3 Be7 10. O-O-O Qc7 11. g4 b5 12. Bxf6 {B97: Sicilian Najdorf: Poisoned Pawn} Nxf6 13. g5 Nd7 14. a3 Bb7 {LiveBook: 5 Games} 15. h4 d5 16. exd5 Nb6 17. Bd3 Rc8 {[%cal Rb6d5]} 18. f5 Bxa3 $1 19. fxe6 ({Don't play} 19. bxa3 Qxc3 20. fxe6 fxe6 $17) 19... Bxb2+ $1 {The position is equal.} 20. Kxb2 Qxc3+ {[#]} 21. Ka2 $146 O-O (21... fxe6 $5 22. Qe3 $8 {[%mdl 64] Double Attack} Bxd5 23. Qxb6 O-O $11) 22. exf7+ Rxf7 23. Bxh7+ $1 Kxh7 {[#]} 24. g6+ $1 {[%mdl 576] Decoy} Kxg6 25. Rhg1+ Kh7 26. Qxf7 {Threatens to win with Rd4.} Qxc2+ 27. Ka1 $1 {[%csl Gg1][%cal Rf7g7]} Qc3+ 28. Ka2 {[#] Rd4 is the strong threat.} Qc2+ 29. Ka1 $1 {[%csl Gg1][%cal Rf7g7]} Qc3+ 30. Ka2 Qc2+ 31. Ka1 $1 {[%csl Gg1][%cal Rf7g7]} Qc3+ 32. Ka2 Qc2+ {Accuracy: White = 81%, Black = 83%.} 1/2-1/2

[Event "Lviv Tradition January 2019"]
[Site "Lviv"]
[Date "2019.01.27"]
[Round "1"]
[White "Kagramanianz, Vartan"]
[Black "Kyrychenko, Maryan"]
[Result "1-0"]
[WhiteElo "2246"]
[BlackElo "2207"]
[Annotator "TA"]
[PlyCount "81"]
[EventDate "2019.01.27"]
[EventType "schev"]
[EventCountry "UKR"]
[SourceTitle "playchess.com"]
[Source "ChessBase"]
[SourceQuality "1"]

{[%evp 9,81,4,6,7,3,3,0,-12,0,-13,-18,-13,-16,-13,10,21,10,8,14,23,13,12,13,8,36,45,40,28,21,21,47,47,62,63,70,45,60,37,37,39,97,79,100,100,74,0,0,0,37,15,26,16,14,12,1,-291,-283,-271,-272,-262,-202,-206,779,778,29978,29977,29992,29993,29993,29984,29984,29985,29998,29999]} 1. e4 c5 2. Nf3 d6 3. c3 Nf6 4. Bc4 e6 5. d3 (5. Qe2 Be7 6. d4 cxd4 7. cxd4 d5 8. Bb5+ Bd7 9. exd5 Nxd5 10. O-O O-O 11. Bd3 Nc6 12. Nc3 Ncb4 13. Be4 Rc8 14. Bd2 Bc6 15. Bb1 {0-1 (78) Plat,V (2569)-Tran,T (2548) chess.com INT 2018}) 5... Be7 6. O-O {B50: Sicilian: 2...d6, Miscellaneous} O-O 7. Bb3 b5 8. Qe2 {The position is equal.} Bb7 9. Bg5 $146 ({Predecessor:} 9. Rd1 Nbd7 10. Nbd2 Ne5 11. Bc2 Rc8 12. a4 b4 13. Nxe5 dxe5 14. Bb3 {0-1 (60) Delgado Ramirez,N (2417)-Herrera,I (2450) Havana 1999}) 9... Nbd7 10. Nbd2 h6 11. Bh4 Nh5 12. Bxe7 Qxe7 13. d4 c4 14. Bc2 Nf4 15. Qe3 e5 16. b3 Rfc8 17. bxc4 bxc4 18. Rfb1 Nf6 19. h3 Ng6 20. Rb4 Ba6 21. Rab1 Qe8 22. Ba4 Qd8 23. Bb5 Bxb5 24. Rxb5 exd4 ({Black should play} 24... Rc7 $14) 25. Nxd4 $16 Qe8 26. Nf5 Qe6 27. Qd4 ({Better is} 27. Qf3 $16) 27... d5 $1 $11 {[%cal Rd5e4]} 28. Ng3 {[%cal Re4d5]} dxe4 29. Ndxe4 Nxe4 30. Qxe4 ({Don't play} 30. Nxe4 Rd8 $17) 30... Qf6 31. Rf5 $36 {[%mdl 2048] White has good play.} Qxc3 32. Rxf7 $2 {[%mdl 8192]} (32. Rb7 $11 {and White has nothing to worry.} Re8 33. Qd5) 32... Kxf7 $19 33. Rb7+ Kg8 34. Qxg6 {aiming for Nh5.} Qf6 35. Qe4 {Threatening Nh5.} c3 $4 {[%mdl 8192]} (35... Kh8 $19 36. Nh5 Qc6) 36. Nh5 $18 Qg5 {[#]} 37. Qd4 $1 {White mates.} Rd8 38. Rxg7+ {[%mdl 64] Double Attack} Kh8 39. Qxc3 Rd1+ 40. Kh2 Qd2 {[#]} 41. Rh7+ $1 {[%mdl 576] Decoy, Clearance. Accuracy: White = 52%, Black = 34%.} 1-0

[Event "Lviv Tradition January 2019"]
[Site "Lviv"]
[Date "2019.01.27"]
[Round "1"]
[White "Taranenko, Evgueniy"]
[Black "Terletsky, Oleg"]
[Result "1-0"]
[WhiteElo "2218"]
[BlackElo "2197"]
[Annotator "TA"]
[PlyCount "25"]
[EventDate "2019.01.27"]
[EventType "schev"]
[EventCountry "UKR"]
[SourceTitle "playchess.com"]
[Source "ChessBase"]
[SourceQuality "1"]

{[%evp 20,25,-65,-53,-52,-38,314,295]} 1. e4 e5 2. Nf3 Nc6 3. d4 exd4 4. Nxd4 Nf6 5. Nxc6 bxc6 6. Bd3 d5 7. e5 Ng4 8. O-O Bc5 9. Qe2 Qe7 10. Bf4 g5 {C45: Scotch Game} 11. Bd2 {LiveBook: 22 Games} O-O (11... Qxe5 12. h3 Qxe2 13. Bxe2 Nf6 14. Bxg5 Ne4 15. Bh4 Rb8 16. b3 Bd4 17. c3 {0-1 (50) Bodnaruk,A (2420)-Kosteniuk,A (2537) St Petersburg 2018}) 12. e6 f6 $146 {[%mdl 8192] [#]} ({Much worse is} 12... Bxe6 $6 13. h3 $16) (12... Qxe6 $15 {stays ahead.} 13. Bxg5 Rb8) ({Predecessor:} 12... Qxe6 13. Bxg5 Qxe2 14. Bxe2 Re8 15. Bxg4 Bxg4 16. Nd2 Rab8 17. Nb3 Bd6 18. h3 {0-1 (35) Romanov,L (2011)-Case,W (1904) ICCF email 2013}) 13. Qxg4 1-0

[Event "Lviv Tradition January 2019"]
[Site "Lviv"]
[Date "2019.01.27"]
[Round "1"]
[White "Siniauski, Artsiom"]
[Black "Shkuran, Danylo"]
[Result "1-0"]
[WhiteElo "2182"]
[BlackElo "2359"]
[Annotator "NA"]
[PlyCount "103"]
[EventDate "2019.01.27"]
[EventType "schev"]
[EventCountry "UKR"]
[SourceTitle "playchess.com"]
[Source "ChessBase"]
[SourceQuality "1"]
[TimeControl "5400+30"]

1. e4 c5 2. Nf3 e6 3. c4 Nc6 4. Nc3 e5 5. Be2 g6 6. O-O Bg7 7. a3 Nge7 8. Rb1 a5 9. Nd5 O-O 10. d3 d6 11. Bg5 f6 12. Bd2 Nxd5 13. cxd5 Nb8 14. b4 axb4 15. axb4 Na6 16. bxc5 Nxc5 17. Bb4 b6 18. Nd2 Ba6 19. Bxc5 bxc5 20. Qb3 Qa5 21. Nc4 Bxc4 22. dxc4 Qa2 23. Bd3 Qxb3 24. Rxb3 Ra6 25. Rfb1 Rfa8 26. g3 Ra1 27. Rxa1 Rxa1+ 28. Kg2 Re1 29. Rb7 f5 30. Kf3 fxe4+ 31. Bxe4 Rd1 32. Rd7 Bf8 33. h4 Rd4 34. h5 gxh5 35. Bxh7+ Kh8 36. Bf5 h4 37. g4 Rxc4 38. Kg2 Rf4 39. Kh3 Rxf2 40. Kxh4 Rh2+ 41. Kg5 e4 42. Bxe4 Re2 43. Bf5 Re7 44. Rd8 Kg7 45. Rxd6 Ra7 46. Rg6+ Kf7 47. d6 Ra6 48. Be6+ Ke8 49. d7+ Ke7 50. Rf6 Bg7 51. Rf7+ Kd8 52. Kf5 1-0

[Event "Lviv Tradition January 2019"]
[Site "Lviv"]
[Date "2019.01.27"]
[Round "1"]
[White "Gavrish, Leonid"]
[Black "Prydun, Andriy"]
[Result "0-1"]
[WhiteElo "2149"]
[BlackElo "2218"]
[Annotator "TA"]
[PlyCount "44"]
[EventDate "2019.01.27"]
[EventType "schev"]
[EventCountry "UKR"]
[SourceTitle "playchess.com"]
[Source "ChessBase"]
[SourceQuality "1"]

{[%evp 27,44,5,52,0,97,87,69,75,86,75,49,-32,-41,-159,-24,-206,-192,-463,-443]} 1. d4 Nf6 2. c4 c5 3. d5 e6 4. Nc3 exd5 5. cxd5 d6 6. e4 g6 7. f4 Bg7 8. Nf3 O-O 9. Be2 b5 10. e5 dxe5 11. fxe5 Ng4 12. Bg5 Qb6 13. O-O c4+ 14. Kh1 {A68: Modern Benoni: Four Pawns Attack without 9...Re8} Nxe5 {LiveBook: 3 Games} 15. Be7 (15. d6 $14 Be6 16. Nxe5 Bxe5 17. Bf3) (15. Nxe5 Bxe5 16. Be7 Re8 17. d6 Nc6 18. Nd5 Qc5 19. Bf3 Bd7 20. Qe2 Bg7 21. Rad1 Rac8 {½-½ (37) Rombaldoni,D (2469)-Dvirnyy,D (2447) Arvier 2009}) 15... Ng4 $146 (15... Nbd7 $11) ({Predecessor:} 15... Re8 16. d6 Nbc6 17. Nd5 Qb7 18. Nc7 Bd7 19. Nxe5 Bxe5 20. Qd5 Bf5 21. Rxf5 gxf5 22. Bh5 Rf8 23. Nxa8 Qxa8 24. Bxf8 {1-0 (24) Adamko,P (2119)-Hotak,M (2024) Slovakia 2018}) 16. Bxf8 $16 {White is better.} Bxf8 17. Ng5 Nf2+ 18. Rxf2 $1 Qxf2 19. Nxb5 (19. Qd2 $14 Bc5 20. Rf1 (20. Nxb5 Be3 $14)) 19... Nd7 $15 20. Bxc4 (20. Ne4 $15 Qh4 21. Nec3) 20... Ne5 (20... Qh4 $1 $17 {[%cal Rh4g5]} 21. d6 Qxc4) 21. Be2 $2 {[#]} (21. Bb3 $1 $11 {and White has nothing to worry.}) 21... Qe3 $1 $19 {[%cal Re3g5][%mdl 1024] Black has strong compensation.} 22. Nf3 $2 {[#]} (22. h4) 22... Ng4 $1 {Accuracy: White = 13%, Black = 36%.} 0-1

[Event "Lviv Tradition January 2019"]
[Site "Lviv"]
[Date "2019.01.28"]
[Round "2"]
[White "Shkuran, Danylo"]
[Black "Taranenko, Evgueniy"]
[Result "1-0"]
[WhiteElo "2359"]
[BlackElo "2218"]
[Annotator "TA"]
[PlyCount "147"]
[EventDate "2019.01.27"]
[EventType "schev"]
[EventCountry "UKR"]
[SourceTitle "playchess.com"]
[Source "ChessBase"]
[SourceQuality "1"]

{[%evp 15,147,14,18,3,31,-6,-12,0,28,26,9,7,16,0,35,8,44,30,43,28,40,31,45,41,39,10,22,-6,39,43,87,78,106,101,102,64,63,21,21,18,18,18,28,25,41,1,3,0,12,11,33,56,117,111,61,71,154,121,116,121,172,148,165,101,246,151,280,292,469,452,529,523,518,505,465,405,1107,1053,12843,12846,29949,3173,29955,29953,29955,29957,29950,29955,29953,29948,29949,29952,29951,29951,29954,29957,29955,11280,29959,29959,29962,29965,29968,29967,29968,29969,29972,29960,29965,29967,29975,29976,29980,29981,29981,29982,29989,29978,29989,29974,29978,29979,29978,29975,29988,29989,29989,29990,29992,29993,29993,29983,29990,29991]} 1. e4 Nc6 2. Nf3 d6 3. d4 Nf6 4. Nc3 g6 5. Bb5 a6 6. Bxc6+ bxc6 7. O-O Bg7 8. h3 O-O 9. Bf4 {B00: Queen's Fianchetto Defence, Nimzowitsch Defence} (9. Be3 Rb8 10. b3 Nd7 11. Ne2 c5 12. c4 Bb7 13. Nc3 cxd4 14. Nxd4 c5 15. Nde2 f5 16. exf5 gxf5 {0-1 (48) Oleksienko,M (2636)-Zubov,A (2604) Lvov 2017}) 9... Rb8 $146 ({Predecessor:} 9... Nd7 10. Ne2 c5 11. c3 cxd4 12. cxd4 c5 13. e5 Qb6 14. Nc3 cxd4 15. Nd5 Qxb2 16. Nxe7+ Kh8 17. exd6 {1-0 (32) Klukin,K (1995)-Molchanov,A (1716) Jyvaskyla 2012}) 10. Qc1 Nd7 11. Bh6 {The position is equal.} f6 12. Bxg7 Kxg7 13. b3 e5 14. Qe3 h6 15. Rad1 Qe7 16. Nh4 exd4 17. Qg3 $36 {[%mdl 2048] Black must now prevent Nf5+. White is pushing.} Qf7 18. Rxd4 Nc5 19. f4 f5 20. Rc4 Kh7 $1 21. exf5 (21. e5 {is more complex.} a5 22. Rd4 Rb4 23. Rdd1 dxe5 24. fxe5 g5 25. Qe3) 21... Bxf5 (21... gxf5 {with more complications.} 22. Qf2 Be6 23. Rxc5 dxc5 24. Qxc5 Bd5) 22. Nxf5 Qxf5 23. Qf3 Rf7 24. Rf2 Qd7 25. a3 a5 26. Na4 Ne6 $1 27. Qxc6 Qxc6 28. Rxc6 Nxf4 29. Nc3 Rbf8 {Threatens to win with ...Nxh3+!} 30. Rf3 g5 31. Kh2 h5 32. Nb5 Ne6 33. Re3 Ng7 (33... Re8 $14) 34. Rxc7 $16 Rxc7 35. Nxc7 {[%mdl 4096] Endgame KRN-KRN} Rc8 (35... Rf2 $142) 36. Nb5 Rxc2 37. Nxd6 h4 (37... g4 $16 38. hxg4 hxg4) 38. Re5 $18 Kg6 {[#]} 39. Rxa5 (39. Ne4 $1 $18) 39... Re2 (39... Ne6 $16 {was necessary.}) 40. Nc4 Nh5 (40... Nf5 $16 41. Kg1 Ng3) 41. Ne5+ Kg7 $2 (41... Kf6 {was called for.}) 42. Nf3 Kh6 43. Rxg5 Ng3 44. Re5 Rb2 45. Nxh4 Rxb3 (45... Nf1+ $142 46. Kg1 Nd2) 46. Nf5+ Nxf5 47. Rxf5 Rxa3 {KR-KR} 48. Rb5 (48. h4 $142 Ra4 49. Kh3 Ra3+ 50. Rf3 Ra5 51. g4 Kg6 52. Rd3 Kh7 53. h5) 48... Rc3 49. h4 Ra3 50. g3 Ra4 51. Kh3 Ra3 52. Re5 Rb3 53. Kg4 Rb4+ 54. Kf3 Kg6 55. Re4 Rb3+ 56. Kg4 Ra3 57. h5+ {White mates.} Kh6 58. Re6+ Kh7 59. Kh4 Ra4+ 60. g4 {[%cal Bg3g4,Bg4g5][%mdl 32]} Ra5 61. Kg3 Rb5 62. Kf4 Ra5 63. g5 Kg7 64. h6+ Kh7 65. Re7+ Kg8 66. Kg4 Rb5 67. Kh5 Rc5 68. Kg6 {[%cal Re7e8]} Rc6+ {[#]} 69. Kf5 $1 Rc5+ 70. Kf6 Rc6+ 71. Re6 Rc8 72. g6 Rf8+ 73. Ke7 Ra8 74. Rd6 {Accuracy: White = 68%, Black = 31%.} 1-0

[Event "Lviv Tradition January 2019"]
[Site "Lviv"]
[Date "2019.01.28"]
[Round "2"]
[White "Boricsev, Oleg"]
[Black "Siniauski, Artsiom"]
[Result "0-1"]
[WhiteElo "2297"]
[BlackElo "2182"]
[Annotator "TA"]
[PlyCount "106"]
[EventDate "2019.01.27"]
[EventType "schev"]
[EventCountry "UKR"]
[SourceTitle "playchess.com"]
[Source "ChessBase"]
[SourceQuality "1"]

{[%evp 9,106,1,18,0,0,-2,-6,0,0,0,0,0,0,-11,-9,-16,-3,-12,-6,-10,-3,-8,0,0,0,0,0,-11,0,-10,-7,-44,-44,-38,-39,-50,-51,-52,-19,-21,-21,-51,-50,-60,-2,-83,-83,-81,-74,-85,-81,-84,-20,-42,-24,-57,-57,-74,0,0,0,-8,-10,-10,0,0,0,0,0,0,0,-1409,-1397,-1279,-1151,-1199,-1121,-1080,-839,-29974,-29976,-12810,-798,-721,-640,-6070,-2431,-5856,-5406,-4134,-2078,-29966,-29967,-2073,-567,-29993,-29994,-29995,-29996]} 1. e4 e6 2. d4 d5 3. exd5 exd5 4. c4 Nc6 5. cxd5 (5. Nc3 Bb4 6. Be3 Nf6 7. Bd3 O-O 8. Nge2 dxc4 9. Bxc4 Ne7 10. O-O c6 11. Bb3 Bd6 12. Qd2 Nf5 {½-½ (47) Rakhmanov,A (2647)-Hovhannisyan,M (2511) Groningen 2014}) 5... Nb4 6. Bb5+ $146 {C01: French: Exchange Variation} ({Predecessor:} 6. Nf3 Nxd5 7. Nc3 Ngf6 8. Bg5 Be7 9. Bc4 c6 10. O-O O-O 11. Re1 Bg4 12. h3 Bh5 13. Re5 Bd6 14. Bxd5 Bxe5 15. dxe5 cxd5 16. exf6 d4 17. fxg7 f6 18. gxf8=Q+ Qxf8 19. Qxd4 Bxf3 20. Qxf6 Qxf6 21. Bxf6 {1-0 (21) Gimnopoulos,L-Sklavounos,P (2170) Athens 1994}) 6... Bd7 7. Qe2+ Be7 8. d6 {The position is equal.} cxd6 9. Nc3 Nf6 10. Nf3 O-O 11. Bxd7 Qxd7 12. O-O Nbd5 13. Nxd5 Nxd5 14. Qe4 Nb6 15. Re1 Bf6 16. Bg5 {With the idea Bxf6.} Rfe8 17. Qd3 Nd5 18. h3 h6 19. Bxf6 Nxf6 20. Nh4 g6 21. Rac1 Kg7 22. Nf3 Rac8 23. Rxc8 Qxc8 (23... Rxc8 {with more complications.} 24. a3 Qc6 25. Qd2 Nd5 26. g3 Qc2) 24. Rxe8 Qxe8 25. Qa3 Qc6 26. b3 Ne4 (26... a6 $15) 27. Qb2 (27. Qxa7 $11 {remains equal.} Qc1+ 28. Kh2) 27... Qc3 $17 28. Qe2 d5 29. g3 {[#]} b5 $1 {[%mdl 512]} 30. Kg2 (30. Qxb5 Qxf3) 30... b4 (30... a6 $17) 31. h4 $11 g5 32. hxg5 hxg5 33. g4 Qc1 ({Black should try} 33... a5 $17) 34. Ne5 Qc3 35. Qf3 f6 $36 {[%mdl 2048] Black fights for an advantage.} 36. Qxc3 $1 Nxc3 {[%mdl 4096] Endgame KN-KN} 37. Nc6 Nxa2 38. Nxa7 Kf7 39. Kf3 Ke6 {And now ...Kd7 would win.} 40. Ke3 $2 {[%mdl 8192] [#]} (40. Nc6 $11) 40... Kd7 $1 $19 41. Nb5 Nc1 42. Kd2 Nxb3+ 43. Kc2 Na5 44. Kb2 Kc6 45. Na7+ Kb6 (45... Kb7 $142 46. Nb5 Kb6) 46. Nc8+ Kb5 47. Nd6+ Ka4 48. Ne8 Nc4+ 49. Kc1 Kb3 50. Nxf6 Nb6 51. Kb1 Kc3 (51... Ka3 $142 52. Ne8 b3) 52. Nh7 b3 {[%cal Bb4b3,Bb3b2][%mdl 32]} 53. Nf6 b2 {Accuracy: White = 38%, Black = 64%.} 0-1

[Event "Lviv Tradition January 2019"]
[Site "Lviv"]
[Date "2019.01.28"]
[Round "2"]
[White "Sevostianov, Pavel"]
[Black "Kyrychenko, Maryan"]
[Result "1/2-1/2"]
[WhiteElo "2258"]
[BlackElo "2207"]
[Annotator "TA"]
[PlyCount "78"]
[EventDate "2019.01.27"]
[EventType "schev"]
[EventCountry "UKR"]
[SourceTitle "playchess.com"]
[Source "ChessBase"]
[SourceQuality "1"]

{[%evp 15,78,-10,5,-6,-2,-14,0,0,15,0,9,0,24,24,72,74,85,84,89,89,89,66,85,0,72,19,58,58,60,53,90,31,41,26,30,24,71,29,87,56,71,71,71,71,71,71,79,79,79,71,71,71,71,71,71,86,83,83,93,93,93,93,93,72,93]} 1. e4 c5 2. Nc3 Nc6 3. g3 g6 4. Bg2 Bg7 5. d3 d6 6. Nge2 e6 7. Be3 Nd4 8. Qd2 Ne7 9. Rb1 {B26: Closed Sicilian: 3 g3, lines with early Be3} (9. O-O O-O 10. Nd1 Nxe2+ 11. Qxe2 b6 12. h4 Bb7 13. h5 Qd7 14. Bg5 Rae8 15. c3 f6 16. Bd2 f5 17. Ne3 d5 18. Rad1 Qb5 19. a4 Qd7 {½-½ (39) Adams,M (2742)-Timman,J (2605) Wijk aan Zee 2002}) 9... Nec6 10. a3 {[%cal Ba2a3,Ba3a4,Ba4b5][%mdl 32]} a5 11. a4 {The position is equal.} O-O $146 ({Predecessor:} 11... Bd7 12. b3 Nb4 13. Rc1 Rb8 14. O-O O-O 15. f4 Bc6 16. g4 f5 {1-0 (34) Sartori,C (1992)-Anastasijevic,M (1777) Kemer 2007}) 12. O-O Bd7 13. Nb5 Nxb5 14. axb5 Ne7 15. c4 $1 Qc7 16. Bh6 Rad8 17. Bxg7 Kxg7 18. f4 f6 19. h4 (19. Rbe1 $16) 19... h5 (19... d5 $11) 20. Qc3 ({Better is} 20. Rbe1 $16) 20... e5 21. Rf2 b6 22. Rbf1 Qc8 {[#]} 23. Kh2 (23. f5 $1 $16 {[%mdl 512]}) 23... Ng8 $14 24. Qd2 Nh6 25. Kg1 Rde8 26. Nc3 ({Much weaker is} 26. fxe5 $6 dxe5 27. Nc3 (27. Rxf6 Rxf6 28. Rxf6 Kxf6 $11) 27... Be6 $11) (26. f5 $5) 26... Be6 (26... Ng4 $11 {remains equal.}) 27. Na4 {And now f5 would win.} ({Don't play} 27. fxe5 $6 dxe5 28. Nd5 Bxd5 $11) 27... Qd8 28. f5 {White is better.} gxf5 29. exf5 Bf7 {[#]} 30. Nc3 $1 Kh7 {Black wants to play ...Rg8.} 31. Bc6 Re7 32. Bd5 Rg8 33. Rg2 Bxd5 34. Nxd5 Reg7 35. Qe3 Ng4 36. Qf3 Kh6 37. Re1 Kh7 38. Re4 Kh6 39. Qe2 Kh7 {Accuracy: White = 41%, Black = 36%.} 1/2-1/2

[Event "Lviv Tradition January 2019"]
[Site "Lviv"]
[Date "2019.01.28"]
[Round "2"]
[White "Prydun, Andriy"]
[Black "Kagramanianz, Vartan"]
[Result "1/2-1/2"]
[WhiteElo "2218"]
[BlackElo "2246"]
[Annotator "TA"]
[PlyCount "59"]
[EventDate "2019.01.27"]
[EventType "schev"]
[EventCountry "UKR"]
[SourceTitle "playchess.com"]
[Source "ChessBase"]
[SourceQuality "1"]

{[%evp 16,59,-19,-22,-13,-27,-3,-27,0,0,0,0,11,0,0,-9,22,14,21,20,10,-92,-91,-82,-43,-47,-24,-41,-29,-39,-52,-60,-47,-53,-50,-70,-63,-70,-72,-88,-113,-96,-36,-131,-126,-115]} 1. e4 c5 2. Nf3 Nc6 3. d3 g6 4. g3 Bg7 5. Bg2 e5 6. O-O Nge7 7. a3 d6 8. Nc3 O-O 9. b4 {LiveBook: 7 Games} cxb4 {B25: Closed Sicilian: 3 g3, lines without early Be3} 10. axb4 Bg4 (10... Nxb4 11. Ba3 Na6 12. Nb5 Nc5 13. d4 Nxe4 14. dxe5 d5 15. c4 Bd7 16. Nd6 Nxd6 17. exd6 {0-1 (28) Li,D (2426)-Zhou,J (2616) Shenzhen 2016}) 11. Qd2 $146 ({Predecessor:} 11. Be3 Nxb4 12. Qb1 Nbc6 13. Nd2 Nd4 14. Bxd4 exd4 15. Nd5 Nxd5 16. exd5 Qc7 17. Nc4 {0-1 (61) Mukic,J (2420)-Matulovic,M (2435) Yugoslavia 1988}) 11... Bxf3 {Black has an edge.} 12. Bxf3 Nd4 13. Bg2 Rc8 14. Bb2 a6 15. Rac1 Qb6 16. Nd1 f5 17. exf5 Nexf5 {aiming for ...Bh6.} (17... Rxf5 $6 18. Bxd4 exd4 19. Bh3 $16) 18. c3 {[#]} (18. Ne3 $11 {keeps the balance.}) 18... Bh6 $1 $36 {[%cal Rh6d2][%mdl 2048] Black is in control.} 19. Qe1 ({Don't blunder} 19. Bd5+ $2 Kg7) 19... Bxc1 20. Bxc1 Nc6 {Threatens to win with ...Nxb4!} 21. Ne3 Nce7 22. Nd5 Nxd5 23. Bxd5+ Kh8 24. Bg5 Qc7 25. g4 Ng7 ({Much worse is} 25... Qxc3 $6 26. Qxc3 Rxc3 27. gxf5 $14) 26. c4 Qd7 27. Qe4 Ne6 28. Bh6 {[#]} Nf4 (28... Rf6 $1 $17 {...Nf4 is the strong threat.} 29. h3 Nf4) 29. Bxf8 ({White should try} 29. Qf3 $15) 29... Qxg4+ 30. Kh1 {Accuracy: White = 38%, Black = 60%.} 1/2-1/2

[Event "Lviv Tradition January 2019"]
[Site "Lviv"]
[Date "2019.01.28"]
[Round "2"]
[White "Terletsky, Oleg"]
[Black "Gavrish, Leonid"]
[Result "1-0"]
[WhiteElo "2197"]
[BlackElo "2149"]
[Annotator "NA RC"]
[PlyCount "50"]
[EventDate "2019.01.27"]
[EventType "schev"]
[EventCountry "UKR"]
[SourceTitle "playchess.com"]
[Source "ChessBase"]
[SourceQuality "1"]
[TimeControl "5400+30"]

1. e4 {[%emt 0:00:00]} d6 {[%emt 0:00:00]} 2. d4 {[%emt 0:00:00]} Nf6 {[%emt 0:00:00]} 3. f3 {[%emt 0:00:00]} Nbd7 {[%emt 0:00:56]} 4. c4 {[%emt 0:00:11]} c5 {[%emt 0:00:14]} 5. Ne2 {[%emt 0:00:41]} g6 {[%emt 0:00:28]} 6. Nbc3 {[%emt 0:00:17]} Bg7 {[%emt 0:03:29] LiveBook: 7 Games} 7. Be3 {[%emt 0:01:46]} O-O {[%emt 0:00:30]} 8. Qd2 {[%emt 0:00:07]} a6 {[%emt 0:03:42]} 9. O-O-O {[%emt 0:04:20]} Qa5 {[%emt 0:01:00]} 10. Kb1 {[%emt 0:00:07] E81: King's Indian: Sämisch: 6th move deviations (including 6 Be3 c6)} Re8 {[%emt 0:03:11]} 11. Bh6 $146 {[%emt 0:06:51]} ({Predecessor:} 11. Nc1 cxd4 12. Bxd4 Ne5 13. Nb3 Qc7 14. Nd5 Nxd5 15. cxd5 f5 16. Rc1 Qd8 17. Qe3 fxe4 18. fxe4 {0-1 (75) Ballo,E (2200)-Degraeve,J (2580) Bastia 1998}) 11... Bh8 {[%emt 0:00:38]} 12. h4 {[%emt 0:03:31]} b5 {[%emt 0:00:57]} 13. dxc5 {[%emt 0:06:20]} Nxc5 {[%emt 0:05:20]} 14. h5 {[%emt 0:03:15]} bxc4 {[%emt 0:02:34]} 15. hxg6 {[%emt 0:00:34]} hxg6 {[%emt 0:02:15]} 16. Nd4 {[%emt 0:01:34]} Na4 {[%emt 0:09:34]} 17. Bxc4 {[%emt 0:04:14]} Nxc3+ {[%emt 0:00:26]} 18. bxc3 {[%emt 0:00:16]} d5 {[%emt 0:04:21]} 19. Bb3 {[%emt 0:09:28]} dxe4 {[%emt 0:01:46]} 20. Bf8 {[%emt 0:17:48]} e3 {[%emt 0:15:32]} ({Don't go for} 20... Rxf8 $2 21. Nc6 $18 {[%mdl 64] Decoy}) 21. Qxe3 {[%emt 0:03:37]} Bf5+ {[%emt 0:03:20]} 22. Kb2 {[%emt 0:00:28]} Rxf8 {[%emt 0:03:17]} 23. Nc6 $18 {[%emt 0:03:37] Double Attack} Bc8 24. Kb1 Re8 25. Nd4 Rf8 1-0

[Event "Lviv Tradition January 2019"]
[Site "Lviv"]
[Date "2019.01.28"]
[Round "3"]
[White "Kagramanianz, Vartan"]
[Black "Terletsky, Oleg"]
[Result "0-1"]
[WhiteElo "2246"]
[BlackElo "2197"]
[Annotator "TA"]
[PlyCount "76"]
[EventDate "2019.01.27"]
[EventType "schev"]
[EventCountry "UKR"]
[SourceTitle "playchess.com"]
[Source "ChessBase"]
[SourceQuality "1"]

{[%evp 16,76,41,51,39,10,48,0,0,0,0,0,0,4,27,-50,-38,-45,-47,-49,-38,-44,-33,-145,-118,-321,-334,-337,-328,-335,-331,-386,-379,-381,-368,-464,-447,-421,-360,-540,-538,-666,-428,-1048,-404,-620,-641,-623,-619,-622,-640,-639,-630,-702,-691,-690,-690,-656,-650,-635,-608,-635,-589]} 1. e4 e5 2. Nf3 Nc6 3. Bc4 Nf6 4. d3 h6 5. O-O d6 6. c3 g6 7. b4 Bg7 {C55: Two Knights: 4 d3, 4 d4 exd4 5 e5 and Max Lange Attack} 8. Re1 O-O 9. Nbd2 {LiveBook: 4 Games} a6 $146 {White is slightly better.} ({Predecessor:} 9... Qe7 10. Qb3 a5 11. b5 a4 12. Qa3 Na5 13. Qxa4 Bd7 14. Qb4 c5 15. Qb2 Nh5 16. a4 Nxc4 17. Nxc4 {0-1 (45) Savitskiy,S (2415)-Ponkratov,P (2589) Sochi 2016}) 10. a3 Kh7 11. d4 exd4 12. cxd4 d5 13. exd5 Nxd5 14. Bb2 Nb6 {[%cal Rc6d4]} 15. Qb3 (15. Bb3 $11) 15... Nxc4 $15 ({Worse is} 15... Nxd4 16. Bxd4 Bxd4 17. Rad1 $16) 16. Nxc4 Be6 17. Qd3 Bd5 18. Nfe5 b5 19. Ne3 {[#]} (19. Na5 $1 $15 Nxa5 20. bxa5) 19... Bxg2 $1 $17 {[%mdl 512] Hoping for ...Nxe5.} 20. Nxg6 $2 (20. Qd1 $17 {might work better.} Nxe5 21. dxe5) (20. Nxg2 Nxe5) 20... fxg6 $19 21. Nxg2 {[#]} Ne5 $1 {[%cal Re5d3][%mdl 512]} 22. Rxe5 (22. dxe5 Qxd3) 22... Bxe5 {[%mdl 64] Pin} 23. Qe4 Qf6 24. Rf1 Bd6 25. f4 Rae8 26. Qd3 Re7 27. Qd2 (27. Rf3 {is a better defense.}) 27... Qf5 28. h4 Rfe8 29. Rf2 (29. d5 $142) 29... Qd5 (29... Qg4 $142 30. Kf1 Qg3) 30. h5 (30. Qd1 $142) 30... Qxh5 {Black is clearly winning.} 31. d5 Qg4 32. Qc3 Qd1+ 33. Rf1 Qxd5 34. Ne3 Qe6 35. Ng2 Qg4 36. Qf6 Qf5 37. Qd4 Qf7 38. Rf3 Re4 {Accuracy: White = 25%, Black = 60%.} 0-1